000 00546nam a2200217Ia 4500
003 OSt
005 20220928150134.0
006 a|||||r|||| 00| 0
007 ta
008 220927b |||||||| |||| 00| 0 eng d
024 _a88408
037 _cTextual
040 _aSDCL
_cSDCL
_beng
041 _2eng
_aeng
082 _aD65443, K5
100 _aThornton Richard D
_9515491
245 0 _aMultistage transistor circuits.
260 _c1965
942 _hD65443, K5
_cTEXL
_2CC
999 _c840297
_d840297